00462nam a2200193 a 4500001001300000003000900013005001700022008004100039020001000080082001300090100002100103245001000124260002300134300000900157500003500166505002800201650001800229700002100247nice12345678IN_TiNIC20260116015020.0050524s1980 u ka grp 000 0 eng  ac10000a953bMAN aMansfield, Peter aArabs aU KbPenguinc1980 a576p aincludes index and biblioraphy2 aForeign Parts 1701-1950 aArabs-History1 aMansfield, Peter